| 000 | 00507nam a2200181Ia 4500 | ||
|---|---|---|---|
| 005 | 20251020182608.0 | ||
| 008 | 200515s9999 xx 000 0 und d | ||
| 082 | _aSC/621.3/F39-MI | ||
| 110 | _aInstituto de Capacitación de la Industria de la Construcción | ||
| 245 | 0 | _aSistemas eléctricos : Nivel I : Manual del instructor | |
| 260 | _aMéxico, D.F. | ||
| 260 | _cs.a. | ||
| 300 | _a94 | ||
| 650 | _aCONDUCTORES ELECTRICOS | ||
| 650 | _aPUB ICIC | ||
| 650 | _aSISTEMAS ELECTRICOS | ||
| 942 | _cLIB | ||
| 999 |
_c3270 _d3270 |
||